000 00401nam a2200169Ia 4500
001 20632
003 IN-NITTTR
005 20251114233236.0
008 251113s9999||||xx |||||||||||||| ||eng||
040 _beng
040 _cIN-NITTTR
041 _aeng
082 _a005.13 H78F
100 _aHorowitz, Ellis
245 0 _aFundamentals of programming languages /
_cHorowitz, Ellis
942 _2ddc
_cBK
999 _c23262
_d23262